书目信息 |
| 题名: |
中国百戏史话
|
|
| 作者: | 叶大兵 著 | |
| 分册: | ||
| 出版信息: | 杭州 浙江人民出版社 1985.3 |
|
| 页数: | 168页 | |
| 开本: | 20cm | |
| 丛书名: | ||
| 单 册: | ||
| 中图分类: | I207.309 | |
| 科图分类: | ||
| 主题词: | 文学--中国 | |
| 电子资源: | ||
| ISBN: | ||
| 000 | 00543nam0 2200205 45 | |
| 001 | 0312221749 | |
| 005 | 20040414201320.1 | |
| 010 | @dCNY0.68 | |
| 091 | @a10103.383 | |
| 100 | @a20031222d1985 km y0chiy0120 ea | |
| 101 | @achi | |
| 105 | @a z 000yy | |
| 200 | 1 | @a中国百戏史话@AZhong Guo Bai Xi Shi Hua@f叶大兵著@FYe Da Bing Zhu |
| 210 | @a杭州@c浙江人民出版社@d1985.3 | |
| 215 | @a168页@d20cm | |
| 606 | 0 | @a文学@x中国 |
| 690 | @aI207.309@v3 | |
| 701 | 0 | @a叶大兵@4著 |
| 801 | @aCN@bTSTCL@c20031222 | |
| 905 | @dI207.309@e38@f1@b152251 | |
| 中国百戏史话/叶大兵著.-杭州:浙江人民出版社,1985.3 |
| 168页;20cm |
| ISBN :CNY0.68 |
| ● |
| 相关链接 |
|
|
|
|
正题名:中国百戏史话
索取号:I207.309/38
 
预约/预借
| 序号 | 登录号 | 条形码 | 馆藏地/架位号 | 状态 | 备注 |
| 1 | 0152250 | 000541033 | 密集书库/ [索取号:I207.309/38] | 在馆 | |
| 2 | 0152251 | 000541042 | 第二借阅区/ [索取号:I207.309/38] | 在馆 | |
| 3 | 0152252 | 000541024 | 密集书库/ [索取号:I207.309/38] | 在馆 | |
| 4 | 0152253 | 000541015 | 密集书库/ [索取号:I207.309/38] | 在馆 | |
| 5 | 0152254 | 000540971 | 第一样本阅览室/ [索取号:I207.309/38] | 在馆 |